000 00494nam a22001577a 4500
003 OSt
008 260420b |||||||| |||| 00| 0 eng d
082 _a635.93328
_bH69S
100 _aHoda, Syed Zafrul
245 _aStudies on the Effect of Etiolation and Growth Regulator Treatments on Air-Layering of Litchi (Litchi ohinensis Sonn.) CV. Purbi
260 _aBAU, Sabour
_bRAU, Pusa
_c1987
300 _a43P.
502 _bMsc.
_d1987
650 _aFruit and Fruit Technology
942 _2ddc
_cT
999 _c50095
_d50095